00476nam a2200157Ia 4500003000900000008004100009040001600050080001500066100002600081245008100107260003400188300001500222490003600237650002200273650002300295IN-BaIIA211028s9999 xx 000 0 eng d cIIA Library a541bLEW-I aLewis, William C. McC 2aA system of physical chemistrybvol. I, kinetic theorycWilliam C. McC Lewis aLondonbLongmans, Greenc1923 axii, 494p. aTextbooks of physical chemistry aChemical analysis aPhysical chemistry